书目信息 |
| 题名: |
服装设计概论
|
|
| 作者: | 余强 编著 | |
| 分册: | ||
| 出版信息: | 重庆 西南师范大学出版社 2002 |
|
| 页数: | 103页 | |
| 开本: | 26cm | |
| 丛书名: | ||
| 单 册: | ||
| 中图分类: | TS941.2 | |
| 科图分类: | ||
| 主题词: | 服装--设计--概论 | |
| 电子资源: | ||
| ISBN: | 7-5621-2517-1 | |
| 000 | 00550nam0 2200193 45 | |
| 001 | 0412010965 | |
| 005 | 20041201093911.4 | |
| 010 | @a7-5621-2517-1@dCNY48.00 | |
| 100 | @a20041201d2002 km y0chiy0120 ea | |
| 101 | 0 | @achi |
| 105 | @aa z 000yy | |
| 200 | 1 | @a服装设计概论@AFu Zhuang She Ji Gai Lun@f余强编著@FYu Qiang Bian Zhu |
| 210 | @a重庆@c西南师范大学出版社@d2002 | |
| 215 | @a103页@c图@d26cm | |
| 606 | 0 | @a服装@x设计@x概论 |
| 690 | @aTS941.2@v4 | |
| 701 | @a余强@4编著 | |
| 801 | @aCN@bTSTCL@c20041201 | |
| 905 | @b336189-191@dTS941.2@e22@f3 | |
| 服装设计概论/余强编著.-重庆:西南师范大学出版社,2002 |
| 103页:图;26cm |
| ISBN 7-5621-2517-1:CNY48.00 |
| ● |
| 相关链接 |
|
|
|
|
正题名:服装设计概论
索取号:TS941.2/22
 
预约/预借
| 序号 | 登录号 | 条形码 | 馆藏地/架位号 | 状态 | 备注 |
| 1 | 0336189 | 203361897 | 第三借阅区/ [索取号:TS941.2/22] | 在馆 | |
| 2 | 0336190 | 203361904 | 第三借阅区/ [索取号:TS941.2/22] | 在馆 | |
| 3 | 0336191 | 203361913 | 第二样本阅览室/ [索取号:TS941.2/22] | 在馆 |